[Event "AUTO-ELITE-2613"]
[Site "http://www.queenalice.com/game.php?id=1870354"]
[Date "2026.3.12"]
[Round "1"]
[White "Sexxy_Bunny"]
[Black "trompmaster"]
[Result "1-0"]
[WhiteElo "2658"]
[BlackElo "2508"]

1. e4 c6 2. d4 d5 3. e5 c5 4. dxc5 e6 5. a3 Bxc5 6. Nf3 f6 7. b4 Be7 8. Bb2 Nh6
9. Bd3 Nf7 10. Nbd2 Nd7 11. exf6 Bxf6 12. Bxf6 Qxf6 13. c4 Nde5 14. Nxe5 Nxe5
15. Be2 O-O 16. O-O a5 17. b5 Bd7 18. a4 Rac8 19. Qb3 Ng6 20. g3 Ne7 21. Rac1 e5
22. Qf3 Qd6 23. Qd3 Bf5 24. Qb3 Qh6 25. Rfd1 Qf6 26. cxd5 Bc2 27. Rxc2 Qxf2+ 28.
Kh1 Qxe2 29. Rxc8 Nxc8 30. d6+ Kh8 31. d7 e4 32. dxc8=Q Rxc8 33. Nf1 h6 34. Ne3
Rf8 35. h4 Kh7 36. Ng2 Rf2 37. Re1 Qf3 38. Qxf3 exf3 39. Nf4 Ra2 40. h5 f2 41.
Rc1 Rxa4 42. Kg2 Rb4 43. Rc8 Rxb5 44. Kxf2 a4 45. g4 Rb2+ 46. Kg3 Rb3+ 47. Kh4
1-0

[Event "AUTO-ELITE-2614"]
[Site "http://www.queenalice.com/game.php?id=1870549"]
[Date "2026.3.13"]
[Round "1"]
[White "raulzampronha"]
[Black "Sexxy_Bunny"]
[Result "0-1"]
[WhiteElo "2261"]
[BlackElo "2670"]

1. e4 e6 2. Qe2 c5 3. d3 d5 4. Nf3 Nf6 5. g3 Nc6 6. Bg2 Be7 7. O-O O-O 8. e5 Nd7
9. c4 d4 10. h4 Qc7 11. Bf4 a6 12. Nbd2 b5 13. b3 Bb7 14. Rfe1 Rab8 15. Nf1 bxc4
16. bxc4 Ba8 17. N1h2 Rb6 18. Ng5 Bxg5 19. hxg5 Ne7 20. Qh5 Rfb8 21. Ng4 Bxg2
22. Kxg2 Ng6 23. Rh1 Qb7+ 24. f3 Rb2+ 25. Nf2 Rxf2+ 0-1

[Event "AUTO-ELITE-2614"]
[Site "http://www.queenalice.com/game.php?id=1870550"]
[Date "2026.3.13"]
[Round "1"]
[White "Sexxy_Bunny"]
[Black "raulzampronha"]
[Result "1-0"]
[WhiteElo "2675"]
[BlackElo "2269"]

1. e4 c5 2. Nf3 e6 3. d4 cxd4 4. Nxd4 a6 5. Nc3 Qc7 6. Bd3 b5 7. O-O Bb7 8. Re1
d6 9. a4 b4 10. Na2 Nf6 11. Nxb4 d5 12. Nxd5 Nxd5 13. exd5 Bxd5 14. c4 Bb7 15.
Qh5 g6 16. Nxe6 fxe6 17. Rxe6+ Kd7 18. Qg4 1-0

[Event "AUTO-ELITE-2614"]
[Site "http://www.queenalice.com/game.php?id=1870553"]
[Date "2026.3.13"]
[Round "1"]
[White "trompmaster"]
[Black "Sexxy_Bunny"]
[Result "1/2-1/2"]
[WhiteElo "2511"]
[BlackElo "2678"]

1. Nf3 d5 2. e3 Nf6 3. c4 e6 4. b3 Be7 5. Bb2 O-O 6. Nc3 c5 7. cxd5 Nxd5 8. Qc2
Nc6 9. a3 b6 10. Nxd5 exd5 11. d4 Bf6 12. Bd3 g6 13. dxc5 bxc5 14. O-O Bxb2 15.
Qxb2 Qb6 16. Rfd1 Be6 17. Rab1 d4 18. Rdc1 dxe3 19. fxe3 Rfe8 20. Qc3 Bd5 21.
Be2 Rab8 22. Rd1 Rbd8 23. Rb2 h5 24. Ng5 Re5 25. Nf3 Ree8 26. Ng5 Re5 27. h4
Rde8 28. e4 Nd4 29. Bc4 Bxc4 30. Qxc4 Rxg5 31. hxg5 Rxe4 32. Qd5 Ne2+ 33. Kf1
Ng3+ 34. Kg1 Ne2+ 35. Kf1 Ng3+ 1/2-1/2

[Event "AUTO-ELITE-2614"]
[Site "http://www.queenalice.com/game.php?id=1870554"]
[Date "2026.3.13"]
[Round "1"]
[White "Sexxy_Bunny"]
[Black "trompmaster"]
[Result "1-0"]
[WhiteElo "2663"]
[BlackElo "2493"]

1. e4 d5 2. exd5 Nf6 3. d4 Bg4 4. f3 Bf5 5. c4 e6 6. dxe6 Nc6 7. Be3 Qe7 8. Nc3
Nb4 9. Rc1 O-O-O 10. a3 Qxe6 11. Qd2 Nc2+ 12. Rxc2 Bxc2 13. d5 Qe5 14. Kf2 Qf5
15. h3 h5 16. Nge2 c5 17. Nf4 Bd6 18. h4 Kb8 19. g3 g5 20. hxg5 Qxg5 21. Nb5
Rhg8 22. Nxd6 Qxg3+ 23. Ke2 Rxd6 24. Rg1 Qh2+ 25. Rg2 Rxg2+ 26. Nxg2 Qe5 27.
Qxc2 Nd7 28. Nf4 Rf6 29. Qe4 Qxb2+ 30. Bd2 Qe5 31. Bh3 Qxe4+ 32. fxe4 Kc7 33.
Nd3 h4 34. Bg5 Rb6 35. Bxh4 Rb1 36. Bxd7 Rh1 37. Bf6 Kxd7 38. Ne5+ Kc7 39. Be7
Rh6 40. d6+ Rxd6 41. Bxd6+ Kxd6 42. Nxf7+ Ke7 43. Nh6 Kd7 44. a4 Kd6 45. Nf5+
Ke6 46. Ke3 b6 47. Kf4 Kf6 48. Ne3 Kg6 49. Nd5 1-0

[Event "AUTO-ELITE-2616"]
[Site "http://www.queenalice.com/game.php?id=1870847"]
[Date "2026.3.24"]
[Round "1"]
[White "Sexxy_Bunny"]
[Black "MLSChess"]
[Result "1/2-1/2"]
[WhiteElo "2673"]
[BlackElo "2533"]

1. e4 e5 2. Nf3 Nc6 3. Bb5 Nf6 4. O-O Nxe4 5. d4 Nd6 6. Bxc6 dxc6 7. dxe5 Nf5 8.
Qxd8+ Kxd8 9. Nc3 Bd7 10. h3 h6 11. b3 b6 12. Bb2 Kc8 13. Rad1 c5 14. Nd5 a5 15.
a4 Ne7 16. c4 Nxd5 17. cxd5 Bf5 18. Rd2 Be7 19. Nh2 h5 20. f4 Kb7 21. Rfd1 Rad8
22. Nf1 h4 23. Ne3 Be4 24. Bc3 Rh6 25. Re2 Rh5 26. Kf2 Rh7 27. d6 cxd6 28. exd6
Bf8 29. Nc4 Bc6 30. Red2 Bd7 31. Re1 Be6 32. Rxe6 fxe6 33. Kf3 Rh6 34. Rd1 Rh8
35. Rd2 Rh6 36. Rd1 Rh5 37. Be5 Rh6 38. Bc3 1/2-1/2

[Event "AUTO-ELITE-2616"]
[Site "http://www.queenalice.com/game.php?id=1870848"]
[Date "2026.3.24"]
[Round "1"]
[White "MLSChess"]
[Black "Sexxy_Bunny"]
[Result "1/2-1/2"]
[WhiteElo "2541"]
[BlackElo "2661"]

1. e4 e6 2. d4 d5 3. Nd2 c5 4. Ngf3 cxd4 5. Nxd4 Nf6 6. exd5 Nxd5 7. c3 Be7 8.
Nc4 O-O 9. Bd3 Nf6 10. Qe2 Bd7 11. Ne5 Be8 12. O-O Nbd7 13. Nef3 Nb8 14. Rd1 Qc7
15. g3 a6 16. a4 Nc6 17. Nxc6 Bxc6 18. Bf4 Qc8 19. Ne5 Rd8 20. a5 Bd6 21. c4 Be8
22. Qe1 Qc7 23. Bf1 Qe7 24. Bd2 h6 25. Bc3 Nh7 26. h4 Rac8 27. b4 f6 28. Ng4 f5
29. Ne3 f4 30. Ng4 fxg3 31. fxg3 h5 32. Ne5 Nf6 33. Nf3 Ng4 34. c5 Qc7 35. Rxd6
Rxd6 36. cxd6 Qxc3 37. Qxc3 Rxc3 38. Bg2 Rd3 39. Ng5 Rxg3 40. Ne4 Rb3 41. Rc1
Bc6 42. d7 Bxd7 43. Nc5 Rxb4 44. Nxd7 Ne3 45. Bf3 Nf5 46. Bxh5 Rxh4 47. Rc8+ Kh7
48. Bf3 Ra4 49. Rc5 Nd4 50. Bxb7 Nb3 51. Rc8 Kg6 52. Rc3 Nxa5 53. Bxa6 Rd4 54.
Nc5 Kf6 55. Kf2 Ke7 56. Re3 Rd6 57. Ra3 Nc6 58. Be2 Rd8 59. Ra6 Nd4 60. Bf1 Rf8+
61. Kg2 Rf5 62. Ne4 g5 63. Bc4 Rf4 64. Bd3 Rf5 65. Bc4 Rf4 66. Bd3 Rf5 67. Bc4
1/2-1/2

[Event "AUTO-ELITE-2616"]
[Site "http://www.queenalice.com/game.php?id=1870849"]
[Date "2026.3.24"]
[Round "1"]
[White "Sexxy_Bunny"]
[Black "tucuman10"]
[Result "1-0"]
[WhiteElo "2676"]
[BlackElo "2385"]

1. e4 e6 2. d4 d5 3. Nc3 Nf6 4. e5 Nfd7 5. f4 c5 6. Nf3 Nc6 7. Be3 Qb6 8. Na4
Qa5+ 9. c3 cxd4 10. b4 Qc7 11. Nxd4 Nxd4 12. Bxd4 g6 13. Bb5 Be7 14. O-O O-O 15.
Qd2 Nb8 16. Rf3 Nd7 17. Rff1 Nb8 18. Rf3 Bd7 19. f5 Re8 20. f6 Bxb5 21. Bc5 Bxf6
22. exf6 Nd7 23. Qh6 Nxf6 24. Rxf6 b6 25. Be3 Rf8 26. Re1 Qe5 27. Qh4 Bxa4 28.
Bg5 Qc7 29. Re3 e5 30. Rh3 h5 31. Bh6 Rfd8 32. g4 Qc4 33. Rg3 Rd7 34. Qg5 h4 35.
Rh3 Bd1 36. Rxg6+ fxg6 37. Qxg6+ Kh8 38. Rxh4 Qxg4+ 39. Rxg4 Bxg4 40. Bg5 Rg8
41. Bf6+ Rgg7 42. Kf2 Kg8 43. Bxg7 Rxg7 44. Qe8+ Kh7 45. Qxe5 Rf7+ 46. Kg3 Bf3
47. Qe6 Kg8 48. Qxf7+ Kxf7 49. Kxf3 1-0

[Event "AUTO-ELITE-2616"]
[Site "http://www.queenalice.com/game.php?id=1870850"]
[Date "2026.3.24"]
[Round "1"]
[White "tucuman10"]
[Black "Sexxy_Bunny"]
[Result "1/2-1/2"]
[WhiteElo "2367"]
[BlackElo "2676"]

1. d4 Nf6 2. c4 e6 3. Nc3 Bb4 4. e3 O-O 5. Bd3 d5 6. Nf3 c5 7. Bd2 b6 8. a3 Bxc3
9. Bxc3 Ba6 10. b3 Nbd7 11. Rc1 Rc8 12. Qe2 Qc7 13. Bb2 cxd4 14. exd4 dxc4 15.
bxc4 b5 16. c5 Nd5 17. O-O Nf4 18. Qd2 Nxd3 19. Qxd3 Rfd8 20. c6 Nf8 21. Rc5 Ng6
22. Qe3 Rd5 23. Rfc1 Rcd8 24. h3 Ne7 25. Qd3 Rxc5 26. Rxc5 h6 27. Ne5 Rd5 28.
Qb3 Rxc5 29. dxc5 Nd5 30. Qd3 f6 31. a4 fxe5 32. axb5 Qb8 33. c7 Nxc7 34. bxa6
Qxb2 35. Qd8+ Kh7 36. Qxc7 Qc1+ 37. Kh2 Qf4+ 38. Kg1 Qc1+ 1/2-1/2

[Event "AUTO-ELITE-2617"]
[Site "http://www.queenalice.com/game.php?id=1871218"]
[Date "2026.3.29"]
[Round "1"]
[White "raulzampronha"]
[Black "Sexxy_Bunny"]
[Result "0-1"]
[WhiteElo "2244"]
[BlackElo "2671"]

1. e4 e6 2. d4 d5 3. Nc3 Nf6 4. e5 Nfd7 5. Nce2 c5 6. c3 Nc6 7. Nf3 Be7 8. a3
O-O 9. h4 cxd4 10. cxd4 f6 11. Nf4 Qb6 12. Nxe6 Rf7 13. exf6 Nxf6 14. Neg5 Rf8
15. b4 Bg4 16. Bb2 Rae8 17. Be2 h6 18. Nh3 Bxb4+ 19. axb4 Qxb4+ 20. Qd2 Rxe2+
21. Kxe2 Qb5+ 22. Kd1 Ne4 0-1

[Event "AUTO-ELITE-2617"]
[Site "http://www.queenalice.com/game.php?id=1871219"]
[Date "2026.3.29"]
[Round "1"]
[White "Sexxy_Bunny"]
[Black "raulzampronha"]
[Result "1-0"]
[WhiteElo "2656"]
[BlackElo "2249"]

1. e4 c5 2. Nf3 e6 3. d4 cxd4 4. Nxd4 a6 5. Nc3 d6 6. Be3 Nf6 7. f3 b5 8. Qd2
Bb7 9. g4 h6 10. O-O-O Nbd7 11. h4 b4 12. Na4 Qa5 13. b3 Nc5 14. a3 Nxa4 15.
axb4 Qc7 16. bxa4 d5 17. e5 Nd7 18. f4 Nb6 19. Rh3 Rc8 20. Bf2 Qd7 21. Nb3 Nc4
22. Bxc4 Rxc4 23. Nc5 Bxc5 24. Bxc5 Qxa4 25. Kb2 Qb5 26. Ra3 Rxc5 27. Ra5 Rxc2+
28. Kxc2 Qc4+ 29. Kb2 O-O 30. Rc5 Qe4 31. g5 h5 32. Qd4 Qe2+ 33. Rd2 Qg4 34. Rc7
1-0

[Event "AUTO-ELITE-2619"]
[Site "http://www.queenalice.com/game.php?id=1872174"]
[Date "2026.4.18"]
[Round "1"]
[White "Sexxy_Bunny"]
[Black "Guilherme_Ottoni"]
[Result "1-0"]
[WhiteElo "2672"]
[BlackElo "2249"]

1. e4 c6 2. d4 d5 3. e5 Bf5 4. Nf3 Bg4 5. Nbd2 e6 6. h3 Bxf3 7. Nxf3 c5 8. Be2
Nc6 9. c3 cxd4 10. cxd4 Bb4+ 11. Kf1 Nge7 12. Bd3 h6 13. Be3 Ba5 14. g3 Bb6 15.
Kg2 Rc8 16. Rc1 O-O 17. Qd2 Ba5 18. Qe2 Qd7 19. Nh4 f6 20. exf6 Rxf6 21. f4 Bb6
22. Nf3 Nf5 23. Bb5 Qd6 24. Bf2 a6 25. Ba4 Ba7 26. Rhd1 b5 27. Bc2 Rff8 28. Bb1
g6 29. Re1 Kf7 30. Rxc6 Rxc6 31. Ne5+ Kf6 32. Nxc6 Qxc6 33. g4 Bxd4 34. gxf5
Bxf2 35. Qxe6+ Qxe6 36. Rxe6+ Kf7 37. Kxf2 gxf5 38. Rxa6 Kg7 39. Rd6 1-0

[Event "AUTO-ELITE-2619"]
[Site "http://www.queenalice.com/game.php?id=1872175"]
[Date "2026.4.18"]
[Round "1"]
[White "Guilherme_Ottoni"]
[Black "Sexxy_Bunny"]
[Result "0-1"]
[WhiteElo "2250"]
[BlackElo "2671"]

1. e4 e6 2. d4 d5 3. exd5 exd5 4. c4 Nf6 5. Nc3 Bb4 6. Bd3 O-O 7. Ne2 dxc4 8.
Bxc4 Nbd7 9. O-O Nb6 10. Bd3 Re8 11. Bg5 h6 12. Bh4 c6 13. a3 Be7 14. Qc2 Bg4
15. f3 Be6 16. b4 a5 17. bxa5 Rxa5 18. a4 Nbd5 19. Nxd5 Nxd5 20. Bxe7 Qxe7 21.
Qd2 Rea8 22. Bc2 b5 23. Rfb1 Qd8 24. Nc3 bxa4 25. Nxd5 Rxd5 26. Qc3 Rxd4 27.
Qxc6 Rc4 0-1

[Event "AUTO-ELITE-2620"]
[Site "http://www.queenalice.com/game.php?id=1872289"]
[Date "2026.4.22"]
[Round "1"]
[White "raulzampronha"]
[Black "Sexxy_Bunny"]
[Result "1/2-1/2"]
[WhiteElo "2259"]
[BlackElo "2671"]

1. e4 e6 2. d4 d5 3. Nc3 Bb4 4. e5 c5 5. a3 Bxc3+ 6. bxc3 Ne7 7. Qg4 Qc7 8. Qxg7
Rg8 9. Qxh7 cxd4 10. Ne2 Nbc6 11. f4 dxc3 12. Qd3 Bd7 13. Nxc3 a6 14. Rb1 Na5
15. h4 Nf5 16. Rh3 O-O-O 17. h5 Nc4 18. h6 Rg6 19. h7 Rh8 20. Ne4 dxe4 21. Qxc4
Qxc4 22. Bxc4 Rxg2 23. Bxa6 bxa6 24. Rc3+ Bc6 25. Rxc6+ Kd7 26. Rxa6 Rxh7 27.
Ra7+ Kc8 28. Ra8+ Kc7 29. Ra7+ Kc8 30. Ra8+ 1/2-1/2

[Event "AUTO-ELITE-2620"]
[Site "http://www.queenalice.com/game.php?id=1872290"]
[Date "2026.4.22"]
[Round "1"]
[White "Sexxy_Bunny"]
[Black "raulzampronha"]
[Result "1-0"]
[WhiteElo "2657"]
[BlackElo "2233"]

1. e4 c5 2. Nf3 e6 3. d4 cxd4 4. Nxd4 d6 5. Nc3 Nc6 6. Be3 Nf6 7. Bc4 Be7 8. Qe2
a6 9. O-O-O Qc7 10. Bb3 Bd7 11. g4 Nxd4 12. Rxd4 e5 13. Nd5 Nxd5 14. Rxd5 Be6
15. g5 Bxd5 16. Bxd5 Rc8 17. Kb1 O-O 18. h4 Kh8 19. h5 f5 20. exf5 Rxf5 21. Rg1
b5 22. g6 h6 23. Bxh6 Qc5 24. Qd3 1-0

[Event "AUTO-ELITE-2552"]
[Site "http://www.queenalice.com/game.php?id=1872405"]
[Date "2026.4.24"]
[Round "6"]
[White "mestreRJ"]
[Black "Sexxy_Bunny"]
[Result "1/2-1/2"]
[WhiteElo "2693"]
[BlackElo "2676"]

1. e4 e6 2. d4 d5 3. e5 c5 4. c3 Nc6 5. Nf3 Qb6 6. Bd3 cxd4 7. cxd4 Bd7 8. Be2
Nge7 9. Nc3 Nf5 10. Na4 Qa5+ 11. Nc3 Qb6 12. Na4 Qa5+ 13. Nc3 Qb6 14. Na4
1/2-1/2

[Event "AUTO-ELITE-2552"]
[Site "http://www.queenalice.com/game.php?id=1872406"]
[Date "2026.4.24"]
[Round "6"]
[White "Sexxy_Bunny"]
[Black "mestreRJ"]
[Result "1/2-1/2"]
[WhiteElo "2668"]
[BlackElo "2693"]

1. e4 e6 2. d4 d5 3. Nc3 dxe4 4. Nxe4 Nd7 5. Nf3 Ngf6 6. Nxf6+ Nxf6 7. Bd3 c5 8.
Be3 cxd4 9. Bxd4 Be7 10. c3 O-O 11. Qc2 Qa5 12. O-O Bd7 13. a4 h6 14. b4 Qc7 15.
Rfd1 Bd6 16. Qe2 Nd5 17. Ne5 Rfd8 18. Qe4 Nf6 19. Qe1 Rac8 20. a5 Be8 21. g3 Be7
22. Ra3 b5 23. axb6 axb6 24. Bf1 Nh7 25. Qe2 Bc5 26. bxc5 bxc5 27. Nxf7 Qxf7 28.
Be5 Rxd1 29. Qxd1 Ng5 30. f4 Qf5 31. Ra5 Qe4 32. Kf2 Nf7 33. Qf3 Qf5 34. Bd3 Qh3
35. Qg2 Qxg2+ 36. Kxg2 Nxe5 37. fxe5 g5 38. Kf3 Bc6+ 39. Ke3 Bd5 40. Be2 Rc7 41.
c4 Bg2 42. Bg4 Kf7 43. Ra2 Bc6 44. Rf2+ Kg7 45. Ra2 Kf8 46. Ra5 Bd7 47. Bf3 Be8
48. Ra8 Ke7 49. Be4 Kd7 50. Ra3 Bh5 51. h3 Be8 52. Ra1 Rc8 53. Kd2 Ke7 54. Ra7+
Kf8 55. Ra6 Bf7 56. Ra7 Be8 57. Ra5 Bf7 58. Ra7 Be8 1/2-1/2

[Event "AUTO-ELITE-2621"]
[Site "http://www.queenalice.com/game.php?id=1873290"]
[Date "2026.5.12"]
[Round "1"]
[White "Sexxy_Bunny"]
[Black "raulzampronha"]
[Result "1-0"]
[WhiteElo "2664"]
[BlackElo "2270"]

1. e4 d6 2. d4 Nf6 3. Nc3 e5 4. Nf3 Nbd7 5. Bc4 Be7 6. O-O O-O 7. a4 c6 8. Re1
Qc7 9. h3 b6 10. Ba2 Bb7 11. Nh4 exd4 12. Qxd4 Rfe8 13. Nf5 Bf8 14. Bf4 Ne5 15.
Bg5 c5 16. Qe3 1-0